[Event "15th International Khazar Cup (Masters) 2017"]
[Site "Rasht,Guilan,Iran"]
[Date "2017.01.26"]
[Round "8"]
[Board "3"]
[White "Lupulescu, Constantin"]
[Black "Tabatabaei, M.Amin"]
[Result "1/2-1/2"]
[WhiteElo "2625"]
[BlackElo "2493"]
[PlyCount "0"]
[EventDate "2017.01.20"]
[EventRounds "9"]
[EventCountry "IRI"]

1. d4 {[%clk 1:30:55]} d5 {[%clk 1:14:45]} 2. Nf3 {[%clk 1:31:15]} Nf6
{[%clk 1:15:05]} 3. Bf4 {[%clk 1:31:35]} c5 {[%clk 1:15:28]} 4. e3
{[%clk 1:31:50]} Nc6 {[%clk 1:15:49]} 5. Nbd2 {[%clk 1:32:14]} e6
{[%clk 1:16:06]} 6. c3 {[%clk 1:32:26]} cxd4 {[%clk 1:16:27]} 7. exd4
{[%clk 1:32:41]} Nh5 {[%clk 1:16:50]} 8. Be3 {[%clk 1:32:29]} Bd6
{[%clk 1:14:58]} 9. Ne5 {[%clk 1:30:51]} Nf6 {[%clk 1:14:53]} 10. f4
{[%clk 1:25:20]} Ne7 {[%clk 1:01:23]} 11. Bd3 {[%clk 1:21:02]} Nf5
{[%clk 1:00:38]} 12. Bf2 {[%clk 1:17:49]} h5 {[%clk 1:01:00]} 13. Qe2
{[%clk 1:14:57]} Be7 {[%clk 0:59:45]} 14. g3 {[%clk 1:09:30]} Qc7
{[%clk 0:54:21]} 15. h3 {[%clk 0:58:21]} b6 {[%clk 0:53:32]} 16. Rg1
{[%clk 0:57:34]} Nd6 {[%clk 0:51:34]} 17. g4 {[%clk 0:56:46]} hxg4
{[%clk 0:51:44]} 18. hxg4 {[%clk 0:57:01]} Bb7 {[%clk 0:51:46]} 19. f5
{[%clk 0:56:26]} exf5 {[%clk 0:48:05]} 20. gxf5 {[%clk 0:55:39]} O-O-O
{[%clk 0:43:07]} 21. Rxg7 {[%clk 0:46:56]} Nfe4 {[%clk 0:43:00]} 22. Bxe4
{[%clk 0:40:51]} dxe4 {[%clk 0:42:38]} 23. Rg1 {[%clk 0:36:05]} f6
{[%clk 0:34:48]} 24. Ng6 {[%clk 0:35:06]} Rhe8 {[%clk 0:34:58]} 25. O-O-O
{[%clk 0:31:03]} Qd7 {[%clk 0:22:27]} 26. Nxe7+ {[%clk 0:26:47]} Rxe7
{[%clk 0:21:53]} 27. Nc4 {[%clk 0:23:38]} Nxf5 {[%clk 0:21:44]} 28. Ne3
{[%clk 0:23:48]} Nxe3 {[%clk 0:18:26]} 29. Bxe3 {[%clk 0:24:14]} b5
{[%clk 0:18:11]} 30. b3 {[%clk 0:18:30]} Kb8 {[%clk 0:12:26]} 31. Kb2
{[%clk 0:18:21]} Ka8 {[%clk 0:12:41]} 32. Rd2 {[%clk 0:13:53]} Bd5
{[%clk 0:10:55]} 33. c4 {[%clk 0:11:21]} bxc4 {[%clk 0:11:16]} 34. bxc4
{[%clk 0:11:46]} Bf7 {[%clk 0:10:10]} 35. d5 {[%clk 0:09:30]} Qa4
{[%clk 0:10:25]} 36. Ka1 {[%clk 0:09:26]} Rb7 {[%clk 0:05:58]} 37. Rc1
{[%clk 0:07:47]} Rdb8 {[%clk 0:02:25]} 38. Bf4 {[%clk 0:05:06]} Bh5
{[%clk 0:01:54]} 39. Qe3 {[%clk 0:02:21]} Rb3 {[%clk 0:00:45]} 40. Qc5
{[%clk 0:01:53]} e3 {[%clk 0:01:09]} 41. Rh2 {[%clk 0:01:13]} Rc3
{[%clk 0:00:41]} 42. Rhh1 {[%clk 0:00:50]} Ra3 {[%clk 0:00:33]} 43. Qc6+
{[%clk 0:01:01]} Qxc6 {[%clk 0:00:52]} 44. dxc6 {[%clk 0:01:28]} Bf3
{[%clk 0:00:34]} 45. Rh3 {[%clk 0:00:51]} e2 {[%clk 0:00:34]} 46. c7
{[%clk 0:00:50]} Re8 {[%clk 0:00:46]} 47. Rb1 {[%clk 0:00:44]} Bb7
{[%clk 0:00:37]} 48. Rxa3 {[%clk 0:01:03]} e1=Q {[%clk 0:00:59]} 49. Rxe1
{[%clk 0:01:29]} Rxe1+ {[%clk 0:01:24]} 50. Kb2 {[%clk 0:01:56]} Re4
{[%clk 0:00:59]} 51. Bd6 {[%clk 0:01:07]} Rxc4 {[%clk 0:01:08]} 52. Rg3
{[%clk 0:01:01]} Bc8 {[%clk 0:01:11]} 53. Rb3 {[%clk 0:00:58]} Bb7
{[%clk 0:01:40]} 54. Bh2 {[%clk 0:00:44]} Rc6 {[%clk 0:01:52]} 55. Rd3
{[%clk 0:01:03]} Bc8 {[%clk 0:02:13]} 56. a4 {[%clk 0:01:20]} a6 {[%clk 0:02:10]}
57. Ka3 {[%clk 0:01:25]} Rc2 {[%clk 0:02:00]} 58. Bg3 {[%clk 0:01:12]} Rc4
{[%clk 0:02:14]} 59. Kb3 {[%clk 0:01:23]} Rc6 {[%clk 0:02:36]} 60. Kb4
{[%clk 0:01:40]} Kb7 {[%clk 0:02:50]} 61. Rd4 {[%clk 0:01:16]} Ka7
{[%clk 0:02:49]} 62. a5 {[%clk 0:01:18]} Ka8 {[%clk 0:03:05]} 63. Bf4
{[%clk 0:01:24]} Kb7 {[%clk 0:03:14]} 64. Ka3 {[%clk 0:01:31]} Ka8
{[%clk 0:03:34]} 65. Bd6 {[%clk 0:01:35]} Rc3+ {[%clk 0:03:49]} 66. Kb2
{[%clk 0:01:47]} Rc6 {[%clk 0:04:13]} 67. Rd3 {[%clk 0:01:50]} Ka7
{[%clk 0:04:28]} 68. Bg3 {[%clk 0:02:09]} Ka8 {[%clk 0:04:50]} 69. Rb3
{[%clk 0:01:56]} Bb7 {[%clk 0:05:09]} 70. Bh2 {[%clk 0:01:42]} Ka7
{[%clk 0:04:50]} 71. Bg1+ {[%clk 0:02:05]} Ka8 {[%clk 0:05:16]} 72. Bb6
{[%clk 0:02:31]} Bc8 {[%clk 0:05:39]} 73. Rb4 {[%clk 0:02:54]} Kb7
{[%clk 0:05:55]} 74. Rd4 {[%clk 0:03:02]} f5 {[%clk 0:06:15]} 75. Rd8
{[%clk 0:03:22]} Rc4 {[%clk 0:06:38]} 76. Kb3 {[%clk 0:03:36]} Rc6
{[%clk 0:07:02]} 77. Rf8 {[%clk 0:03:56]} Be6+ {[%clk 0:07:24]} 1/2-1/2

[Event "15th International Khazar Cup (Masters) 2017"]
[Site "Rasht,Guilan,Iran"]
[Date "2017.01.26"]
[Round "8"]
[Board "4"]
[White "Alavi, Sayed Javad"]
[Black "Zubov, Alexander"]
[Result "1/2-1/2"]
[WhiteElo "2453"]
[BlackElo "2606"]
[PlyCount "0"]
[EventDate "2017.01.20"]
[EventRounds "9"]
[EventCountry "IRI"]

1. e4 {[%clk 1:30:49]} e5 {[%clk 1:30:52]} 2. Nf3 {[%clk 1:31:13]} Nc6
{[%clk 1:31:18]} 3. Bc4 {[%clk 1:31:10]} Bc5 {[%clk 1:31:40]} 4. c3
{[%clk 1:31:01]} Nf6 {[%clk 1:32:05]} 5. d3 {[%clk 1:31:22]} a6 {[%clk 1:32:08]}
6. O-O {[%clk 1:30:31]} Ba7 {[%clk 1:32:29]} 7. Nbd2 {[%clk 1:30:03]} O-O
{[%clk 1:32:41]} 8. h3 {[%clk 1:21:01]} d6 {[%clk 1:31:57]} 9. Bb3
{[%clk 1:21:25]} h6 {[%clk 1:32:20]} 10. Re1 {[%clk 1:21:20]} Nh5
{[%clk 1:32:32]} 11. Nf1 {[%clk 1:20:49]} Qf6 {[%clk 1:32:53]} 12. Ne3
{[%clk 1:18:11]} Nf4 {[%clk 1:31:53]} 13. Ng4 {[%clk 1:12:16]} Qg6
{[%clk 1:32:09]} 14. Bxf4 {[%clk 1:11:09]} exf4 {[%clk 1:32:28]} 15. d4
{[%clk 1:11:25]} Bxg4 {[%clk 1:32:00]} 16. hxg4 {[%clk 1:11:54]} Qxg4
{[%clk 1:32:16]} 17. Qd3 {[%clk 1:12:17]} Ne7 {[%clk 1:26:04]} 18. e5
{[%clk 0:58:37]} d5 {[%clk 1:26:17]} 19. Bc2 {[%clk 0:58:37]} g6 {[%clk 1:25:10]}
20. e6 {[%clk 0:53:41]} f6 {[%clk 1:18:00]} 21. c4 {[%clk 0:50:49]} Rfd8
{[%clk 1:13:27]} 22. c5 {[%clk 0:40:55]} c6 {[%clk 1:12:26]} 23. b4
{[%clk 0:31:48]} Bb8 {[%clk 1:11:34]} 24. a4 {[%clk 0:29:16]} Bc7
{[%clk 1:11:56]} 25. Nh2 {[%clk 0:28:46]} Qh4 26. b5 Ba5 27. Nf3 {[%clk 0:26:44]}
Qg4 {[%clk 1:04:01]} 28. Re2 {[%clk 0:26:13]} h5 {[%clk 0:57:06]} 29. bxc6
{[%clk 0:24:22]} bxc6 {[%clk 0:57:32]} 30. Rb1 {[%clk 0:24:45]} Ra7
{[%clk 0:56:21]} 31. Rb3 {[%clk 0:10:16]} h4 {[%clk 0:53:20]} 32. Nh2
{[%clk 0:10:45]} Qh5 {[%clk 0:50:09]} 33. Qf3 {[%clk 0:08:48]} Qxf3
{[%clk 0:49:20]} 34. Nxf3 {[%clk 0:09:16]} g5 {[%clk 0:49:48]} 35. Bd3
{[%clk 0:09:26]} Bc7 {[%clk 0:46:04]} 36. Reb2 {[%clk 0:09:37]} a5
{[%clk 0:46:23]} 37. Rb7 {[%clk 0:07:32]} Rda8 {[%clk 0:46:35]} 38. Kh2
{[%clk 0:05:44]} Kg7 {[%clk 0:34:17]} 1/2-1/2

[Event "15th International Khazar Cup (Masters) 2017"]
[Site "Rasht,Guilan,Iran"]
[Date "2017.01.26"]
[Round "8"]
[Board "5"]
[White "Ghaem Maghami, Ehsan"]
[Black "Omidi, Arya"]
[Result "1-0"]
[WhiteElo "2574"]
[BlackElo "2313"]
[PlyCount "0"]
[EventDate "2017.01.20"]
[EventRounds "9"]
[EventCountry "IRI"]

1. d4 {[%clk 1:21:54]} d5 {[%clk 1:30:53]} 2. Nf3 {[%clk 1:22:14]} Nf6
{[%clk 1:31:17]} 3. c4 {[%clk 1:22:17]} dxc4 {[%clk 1:31:01]} 4. e3
{[%clk 1:22:27]} e6 {[%clk 1:31:26]} 5. Bxc4 {[%clk 1:22:50]} c5 {[%clk 1:31:40]}
6. O-O {[%clk 1:22:31]} a6 {[%clk 1:31:59]} 7. Bd3 {[%clk 1:20:05]} Nc6
{[%clk 1:31:34]} 8. a3 {[%clk 1:19:32]} cxd4 {[%clk 1:23:17]} 9. exd4
{[%clk 1:18:46]} Be7 {[%clk 1:23:30]} 10. Nc3 {[%clk 1:18:49]} O-O
{[%clk 1:23:36]} 11. Be3 {[%clk 1:16:50]} Nd5 {[%clk 1:17:54]} 12. Qc2
{[%clk 1:05:05]} g6 {[%clk 1:10:50]} 13. Bh6 {[%clk 0:54:31]} Re8
{[%clk 1:11:10]} 14. Be4 {[%clk 0:53:29]} Bf6 {[%clk 1:07:24]} 15. Rad1
{[%clk 0:40:21]} Qd6 {[%clk 1:07:37]} 16. Qb3 {[%clk 0:37:20]} Nce7
{[%clk 1:00:59]} 17. Ne5 {[%clk 0:35:59]} b5 {[%clk 0:53:21]} 18. Bxd5 exd5
{[%clk 0:52:02]} 19. Bf4 {[%clk 0:27:48]} Qe6 {[%clk 0:49:03]} 20. Rfe1
{[%clk 0:26:38]} Qf5 {[%clk 0:46:22]} 21. Nxd5 {[%clk 0:22:44]} Nxd5
{[%clk 0:46:21]} 22. Qxd5 {[%clk 0:23:02]} Be6 {[%clk 0:46:43]} 23. Qf3
{[%clk 0:22:44]} Bxe5 {[%clk 0:46:17]} 24. Rxe5 {[%clk 0:21:52]} Qc2
{[%clk 0:46:37]} 25. Rde1 {[%clk 0:21:22]} Qxb2 {[%clk 0:45:11]} 26. Bh6
{[%clk 0:21:10]} 1-0

[Event "15th International Khazar Cup (Masters) 2017"]
[Site "Rasht,Guilan,Iran"]
[Date "2017.01.26"]
[Round "8"]
[Board "6"]
[White "Idani, Pouya"]
[Black "Morchiashvili, Bachana"]
[Result "1-0"]
[WhiteElo "2552"]
[BlackElo "2419"]
[PlyCount "0"]
[EventDate "2017.01.20"]
[EventRounds "9"]
[EventCountry "IRI"]

1. e4 {[%clk 1:23:49]} c5 {[%clk 1:30:25]} 2. Nf3 {[%clk 1:24:10]} e6
{[%clk 1:30:37]} 3. d4 {[%clk 1:24:36]} cxd4 {[%clk 1:31:03]} 4. Nxd4
{[%clk 1:25:02]} Nc6 {[%clk 1:31:26]} 5. Nc3 {[%clk 1:25:30]} Qc7
{[%clk 1:31:43]} 6. Be2 {[%clk 1:25:56]} a6 {[%clk 1:31:55]} 7. O-O
{[%clk 1:26:22]} Nf6 {[%clk 1:32:12]} 8. Be3 {[%clk 1:26:50]} Be7
{[%clk 1:32:03]} 9. f4 {[%clk 1:26:58]} d6 {[%clk 1:32:27]} 10. Qe1
{[%clk 1:27:01]} O-O {[%clk 1:32:45]} 11. Qg3 {[%clk 1:27:24]} Nxd4
{[%clk 1:32:59]} 12. Bxd4 {[%clk 1:27:50]} b5 {[%clk 1:33:20]} 13. a3
{[%clk 1:28:18]} Bb7 {[%clk 1:33:41]} 14. Kh1 {[%clk 1:28:39]} Bc6
{[%clk 1:33:54]} 15. Rae1 {[%clk 1:26:46]} Rac8 {[%clk 1:31:25]} 16. e5
{[%clk 1:21:24]} dxe5 {[%clk 1:31:33]} 17. Bxe5 {[%clk 1:21:22]} Qb6
{[%clk 1:18:15]} 18. f5 {[%clk 1:19:09]} exf5 {[%clk 1:17:55]} 19. Rxf5
{[%clk 1:19:03]} Ne8 {[%clk 1:15:01]} 20. Bf3 {[%clk 1:01:41]} Bxf3
{[%clk 1:05:41]} 21. Qxf3 {[%clk 1:01:32]} Qc6 {[%clk 1:01:07]} 22. Nd5
{[%clk 0:53:41]} Bd8 {[%clk 1:01:07]} 23. Bc3 {[%clk 0:48:26]} Qd7
{[%clk 0:49:02]} 24. Qd3 Nd6 {[%clk 0:47:06]} 25. Rfe5 {[%clk 0:37:20]} Kh8
{[%clk 0:44:13]} 26. Rh5 {[%clk 0:36:22]} f5 {[%clk 0:43:34]} 27. Qh3
{[%clk 0:36:10]} 1-0

[Event "15th International Khazar Cup (Masters) 2017"]
[Site "Rasht,Guilan,Iran"]
[Date "2017.01.26"]
[Round "8"]
[Board "7"]
[White "Toufighi, Homayoon"]
[Black "Pourramezanali, Amirreza"]
[Result "0-1"]
[WhiteElo "2407"]
[BlackElo "2496"]
[PlyCount "0"]
[EventDate "2017.01.20"]
[EventRounds "9"]
[EventCountry "IRI"]

1. Nf3 {[%clk 1:21:34]} d5 {[%clk 1:30:14]} 2. g3 {[%clk 1:21:58]} Bg4
{[%clk 1:29:48]} 3. Bg2 {[%clk 1:22:13]} Nd7 {[%clk 1:30:09]} 4. O-O
{[%clk 1:20:38]} e6 {[%clk 1:29:02]} 5. d3 {[%clk 1:20:58]} Bd6 {[%clk 1:29:27]}
6. e4 {[%clk 1:20:50]} Ne7 {[%clk 1:29:06]} 7. Nbd2 {[%clk 1:19:27]} O-O
{[%clk 1:29:27]} 8. h3 {[%clk 1:18:37]} Bh5 {[%clk 1:29:44]} 9. Re1
{[%clk 1:17:06]} c5 {[%clk 1:29:30]} 10. exd5 {[%clk 1:16:54]} exd5
{[%clk 1:29:14]} 11. g4 {[%clk 1:15:20]} Bg6 {[%clk 1:29:38]} 12. Nh4
{[%clk 1:15:28]} Qc7 {[%clk 1:24:55]} 13. Nf1 {[%clk 1:13:40]} Rae8
{[%clk 1:20:22]} 14. a4 {[%clk 1:04:46]} d4 {[%clk 1:14:54]} 15. Nd2
{[%clk 0:55:24]} Nf6 {[%clk 0:49:33]} 16. Nc4 {[%clk 0:53:43]} Bh2+
{[%clk 0:49:48]} 17. Kh1 {[%clk 0:52:31]} Nfd5 {[%clk 0:49:38]} 18. Qe2
{[%clk 0:41:49]} Qb8 19. Bd2 {[%clk 0:35:38]} Bf4 {[%clk 0:24:02]} 20. Bxf4
{[%clk 0:25:54]} Nxf4 {[%clk 0:24:26]} 21. Qe5 {[%clk 0:26:16]} Ned5
{[%clk 0:23:01]} 22. Qxb8 {[%clk 0:22:34]} Rxb8 {[%clk 0:23:29]} 23. Re5
{[%clk 0:16:22]} Rfd8 {[%clk 0:23:34]} 24. Nxg6 {[%clk 0:16:42]} hxg6
{[%clk 0:23:59]} 25. Bxd5 {[%clk 0:16:53]} Nxd5 {[%clk 0:24:13]} 26. Rae1
{[%clk 0:17:07]} f6 {[%clk 0:24:06]} 27. R5e4 {[%clk 0:16:03]} g5
{[%clk 0:23:16]} 28. Kh2 {[%clk 0:15:08]} Kf7 {[%clk 0:23:06]} 29. Re6
{[%clk 0:15:19]} Kf8 {[%clk 0:13:41]} 30. Kg3 {[%clk 0:14:44]} b6
{[%clk 0:12:46]} 31. Kf3 {[%clk 0:07:59]} Rb7 {[%clk 0:10:37]} 32. Nd6
{[%clk 0:07:49]} Re7 {[%clk 0:10:22]} 33. Rxe7 {[%clk 0:07:55]} Nxe7
{[%clk 0:10:50]} 34. Nb5 {[%clk 0:07:45]} Rd7 {[%clk 0:07:45]} 35. a5
{[%clk 0:08:04]} bxa5 {[%clk 0:07:32]} 36. b3 {[%clk 0:06:19]} Nc6
{[%clk 0:06:40]} 37. Ra1 {[%clk 0:05:09]} g6 {[%clk 0:02:43]} 38. Na3
{[%clk 0:05:03]} Rh7 {[%clk 0:03:09]} 39. Nc4 {[%clk 0:03:22]} Rxh3+
{[%clk 0:03:37]} 40. Kg2 {[%clk 0:02:55]} Rh7 {[%clk 0:03:23]} 41. Nxa5
{[%clk 0:02:29]} Nb4 {[%clk 0:03:52]} 42. Rc1 {[%clk 0:02:32]} Re7
{[%clk 0:04:03]} 43. Kf1 {[%clk 0:02:25]} Kg7 {[%clk 0:04:21]} 44. Nc4
{[%clk 0:02:42]} f5 {[%clk 0:04:41]} 45. Nd2 {[%clk 0:02:24]} Kf6
{[%clk 0:04:45]} 46. Nf3 {[%clk 0:02:34]} Re6 {[%clk 0:05:06]} 47. Ne1
{[%clk 0:02:25]} fxg4 {[%clk 0:04:08]} 48. c3 {[%clk 0:02:19]} Na2
{[%clk 0:02:46]} 49. Ra1 {[%clk 0:02:48]} Nxc3 {[%clk 0:03:15]} 50. Rxa7
{[%clk 0:03:12]} Nd5 {[%clk 0:03:14]} 51. Ra5 {[%clk 0:03:21]} Nf4
{[%clk 0:03:17]} 52. Rb5 {[%clk 0:03:37]} Ra6 {[%clk 0:02:49]} 53. Rxc5
{[%clk 0:03:58]} Ra1 {[%clk 0:03:15]} 54. Rc2 {[%clk 0:02:49]} Nxd3
{[%clk 0:03:29]} 55. Re2 {[%clk 0:03:17]} Rd1 {[%clk 0:03:06]} 56. Re8
{[%clk 0:03:37]} Nf4 {[%clk 0:03:31]} 0-1

[Event "15th International Khazar Cup (Masters) 2017"]
[Site "Rasht,Guilan,Iran"]
[Date "2017.01.26"]
[Round "8"]
[Board "8"]
[White "Firouzja, Alireza"]
[Black "Jamshidi, Amir Hossein"]
[Result "1-0"]
[WhiteElo "2456"]
[BlackElo "2125"]
[PlyCount "0"]
[EventDate "2017.01.20"]
[EventRounds "9"]
[EventCountry "IRI"]

1. e4 {[%clk 1:30:57]} e5 {[%clk 1:29:41]} 2. Nf3 {[%clk 1:30:17]} Nf6
{[%clk 1:29:27]} 3. d4 {[%clk 1:29:18]} Nxe4 {[%clk 1:28:59]} 4. Bd3
{[%clk 1:29:42]} d5 {[%clk 1:28:55]} 5. dxe5 {[%clk 1:29:48]} Nc5
{[%clk 1:27:45]} 6. Be2 {[%clk 1:27:00]} Be7 {[%clk 1:24:33]} 7. O-O
{[%clk 1:26:34]} O-O {[%clk 1:22:09]} 8. Be3 {[%clk 1:23:07]} Bg4
{[%clk 1:18:00]} 9. Nd4 {[%clk 1:20:48]} Bxe2 {[%clk 1:13:19]} 10. Qxe2
{[%clk 1:20:56]} Qd7 {[%clk 1:03:01]} 11. f4 {[%clk 1:10:29]} Re8
{[%clk 0:59:58]} 12. Nc3 {[%clk 1:07:32]} f5 {[%clk 0:50:19]} 13. g4
{[%clk 1:01:53]} fxg4 {[%clk 0:40:37]} 14. f5 {[%clk 1:02:06]} Kh8
{[%clk 0:36:50]} 15. Qxg4 Nc6 {[%clk 0:31:33]} 16. e6 {[%clk 0:47:15]} Qd8
{[%clk 0:31:09]} 17. Nxc6 {[%clk 0:47:07]} bxc6 {[%clk 0:31:12]} 18. Bd4
{[%clk 0:45:49]} Rg8 {[%clk 0:30:11]} 19. Rf3 {[%clk 0:42:31]} Ne4
{[%clk 0:26:33]} 20. Nxe4 {[%clk 0:41:17]} dxe4 {[%clk 0:26:50]} 21. Qxe4
{[%clk 0:41:42]} Bf6 {[%clk 0:23:55]} 22. Bc3 {[%clk 0:36:38]} g6
{[%clk 0:16:48]} 23. Kh1 {[%clk 0:31:00]} gxf5 {[%clk 0:12:29]} 24. Rxf5
{[%clk 0:29:50]} Bxc3 {[%clk 0:11:12]} 25. bxc3 {[%clk 0:26:57]} Rg7
{[%clk 0:07:03]} 26. Qxc6 {[%clk 0:24:09]} Rb8 {[%clk 0:05:30]} 27. Raf1
{[%clk 0:23:20]} Qe7 {[%clk 0:04:34]} 28. Qd5 {[%clk 0:21:45]} Rg6
{[%clk 0:01:52]} 29. Re1 {[%clk 0:14:04]} Re8 {[%clk 0:01:09]} 30. Rff1
{[%clk 0:09:43]} Rxe6 {[%clk 0:00:45]} 31. Rxe6 {[%clk 0:10:02]} Qxe6
{[%clk 0:01:01]} 32. Qd4+ {[%clk 0:10:27]} Kg8 {[%clk 0:00:46]} 33. Rg1+
{[%clk 0:10:54]} 1-0

[Event "15th International Khazar Cup (Masters) 2017"]
[Site "Rasht,Guilan,Iran"]
[Date "2017.01.26"]
[Round "8"]
[Board "9"]
[White "Tiviakov, Sergei"]
[Black "Hakemi, Arman"]
[Result "1-0"]
[WhiteElo "2601"]
[BlackElo "2366"]
[PlyCount "0"]
[EventDate "2017.01.20"]
[EventRounds "9"]
[EventCountry "IRI"]

1. e4 {[%clk 1:30:56]} e5 {[%clk 1:30:45]} 2. Bc4 {[%clk 1:31:20]} Nf6
{[%clk 1:29:42]} 3. d3 {[%clk 1:31:44]} c6 {[%clk 1:29:34]} 4. Nf3
{[%clk 1:32:08]} d5 {[%clk 1:28:26]} 5. Bb3 {[%clk 1:32:32]} Bd6 {[%clk 1:18:40]}
6. exd5 {[%clk 1:32:09]} cxd5 {[%clk 1:15:21]} 7. Bg5 {[%clk 1:32:29]} Be6
{[%clk 1:06:08]} 8. Nc3 {[%clk 1:32:49]} Bc7 {[%clk 1:04:15]} 9. d4
{[%clk 1:25:42]} e4 {[%clk 0:58:25]} 10. Nd2 {[%clk 1:26:08]} Nc6
{[%clk 0:58:03]} 11. Bxf6 {[%clk 1:24:40]} gxf6 {[%clk 0:57:34]} 12. Ndxe4
{[%clk 1:24:17]} dxe4 {[%clk 0:47:49]} 13. d5 {[%clk 1:24:42]} Bd7
{[%clk 0:37:00]} 14. dxc6 {[%clk 1:24:30]} Bxc6 {[%clk 0:37:22]} 15. Qg4
{[%clk 1:15:53]} Qd7 {[%clk 0:31:41]} 16. Qxd7+ {[%clk 1:16:11]} Kxd7
{[%clk 0:31:52]} 17. O-O-O+ {[%clk 1:12:28]} Ke7 {[%clk 0:30:32]} 18. Nd5+
{[%clk 1:08:36]} Bxd5 {[%clk 0:30:13]} 19. Bxd5 {[%clk 1:09:04]} f5
{[%clk 0:27:19]} 20. Bxb7 {[%clk 1:09:27]} Rab8 {[%clk 0:26:40]} 21. Bd5
{[%clk 1:08:53]} Bf4+ {[%clk 0:26:34]} 22. Kb1 {[%clk 1:09:16]} Be5
{[%clk 0:26:32]} 23. Bb3 {[%clk 1:09:38]} Rhd8 {[%clk 0:26:32]} 24. c3
{[%clk 1:09:16]} Rb6 {[%clk 0:18:14]} 25. Rxd8 {[%clk 1:08:17]} Kxd8
{[%clk 0:18:38]} 26. Rd1+ {[%clk 1:08:27]} Ke7 {[%clk 0:17:34]} 27. Rd5
{[%clk 1:08:44]} Bxh2 {[%clk 0:13:45]} 28. Rxf5 {[%clk 1:09:07]} Rf6
{[%clk 0:13:59]} 29. Rh5 {[%clk 0:45:29]} Bd6 {[%clk 0:13:25]} 30. Bd5
{[%clk 0:45:52]} Rxf2 {[%clk 0:12:08]} 31. Bxe4 {[%clk 0:46:17]} Bf4
{[%clk 0:10:19]} 32. a4 {[%clk 0:39:53]} h6 {[%clk 0:10:14]} 33. Rb5
{[%clk 0:39:44]} Be3 {[%clk 0:09:53]} 34. a5 {[%clk 0:40:03]} Kd6
{[%clk 0:09:40]} 35. Rd5+ {[%clk 0:39:51]} Kc7 {[%clk 0:09:48]} 36. Bf3
{[%clk 0:39:41]} Rd2 {[%clk 0:09:22]} 37. Rf5 {[%clk 0:39:40]} Rd7
{[%clk 0:09:42]} 38. Bd5 {[%clk 0:39:40]} f6 {[%clk 0:09:56]} 39. Kc2
{[%clk 0:38:55]} Bg5 {[%clk 0:09:40]} 40. b4 {[%clk 0:34:46]} Re7
{[%clk 0:09:29]} 41. Bf3 {[%clk 0:25:48]} Rd7 {[%clk 0:07:24]} 42. Kb3
{[%clk 0:25:21]} Kd6 {[%clk 0:07:08]} 43. a6 {[%clk 0:24:22]} Re7
{[%clk 0:06:07]} 44. Rd5+ {[%clk 0:23:43]} Kc7 {[%clk 0:06:31]} 45. Rc5+
{[%clk 0:24:08]} Kd8 {[%clk 0:06:34]} 46. Bg4 {[%clk 0:23:42]} Rc7
{[%clk 0:06:52]} 47. Rd5+ {[%clk 0:24:08]} Ke7 {[%clk 0:07:17]} 48. c4
{[%clk 0:24:33]} Be3 {[%clk 0:07:07]} 49. c5 {[%clk 0:24:55]} Bf2
{[%clk 0:06:39]} 50. Kc4 {[%clk 0:25:15]} Bg1 {[%clk 0:06:24]} 51. Bf5
{[%clk 0:24:28]} Bf2 {[%clk 0:06:28]} 52. Rd6 {[%clk 0:24:46]} Bg1
{[%clk 0:05:57]} 53. Rd3 {[%clk 0:24:46]} Kf7 {[%clk 0:05:51]} 54. Bd7
{[%clk 0:24:32]} Bf2 {[%clk 0:05:48]} 55. c6 {[%clk 0:24:39]} Bg1
{[%clk 0:05:55]} 56. b5 {[%clk 0:25:00]} Bb6 {[%clk 0:06:13]} 57. Kd5
{[%clk 0:25:22]} 1-0

[Event "15th International Khazar Cup (Masters) 2017"]
[Site "Rasht,Guilan,Iran"]
[Date "2017.01.26"]
[Round "8"]
[Board "10"]
[White "Khodashenas, Mersad"]
[Black "Korneev, Oleg"]
[Result "0-1"]
[WhiteElo "2370"]
[BlackElo "2598"]
[PlyCount "0"]
[EventDate "2017.01.20"]
[EventRounds "9"]
[EventCountry "IRI"]

1. e4 {[%clk 1:30:58]} c5 {[%clk 1:30:36]} 2. Nf3 {[%clk 1:31:20]} e6
{[%clk 1:31:02]} 3. d4 {[%clk 1:31:43]} cxd4 {[%clk 1:31:11]} 4. Nxd4
{[%clk 1:32:11]} a6 {[%clk 1:30:01]} 5. Nc3 {[%clk 1:32:39]} Qc7 {[%clk 1:30:05]}
6. f4 {[%clk 1:33:02]} b5 {[%clk 1:30:16]} 7. Bd3 {[%clk 1:33:30]} Bb7
{[%clk 1:30:41]} 8. Qe2 {[%clk 1:33:43]} Nc6 {[%clk 1:31:03]} 9. Nxc6
{[%clk 1:32:54]} Qxc6 {[%clk 1:29:28]} 10. a4 {[%clk 1:33:16]} b4
{[%clk 1:23:51]} 11. Nd5 {[%clk 1:31:20]} Nf6 {[%clk 1:21:43]} 12. Nxf6+
{[%clk 1:31:31]} gxf6 {[%clk 1:22:12]} 13. Rf1 {[%clk 1:23:07]} Bc5
{[%clk 1:06:30]} 14. Be3 {[%clk 1:21:21]} Bxe3 {[%clk 0:54:34]} 15. Qxe3
{[%clk 1:21:49]} Rc8 {[%clk 0:53:01]} 16. a5 {[%clk 1:18:22]} h5 {[%clk 0:44:46]}
17. Qd4 {[%clk 1:17:06]} Qc5 {[%clk 0:44:42]} 18. Qxc5 {[%clk 1:17:34]} Rxc5
{[%clk 0:45:10]} 19. Ra4 {[%clk 1:17:49]} Bc8 {[%clk 0:29:13]} 20. Kf2
{[%clk 1:16:33]} h4 {[%clk 0:27:19]} 21. Rfa1 {[%clk 1:14:28]} Rhh5
{[%clk 0:27:48]} 22. Ke3 {[%clk 1:14:18]} Ke7 {[%clk 0:25:50]} 23. Be2
{[%clk 1:13:56]} Rh8 {[%clk 0:25:02]} 24. Bd3 {[%clk 1:11:23]} Rhh5
{[%clk 0:24:59]} 25. Be2 {[%clk 1:11:52]} Rh8 {[%clk 0:25:14]} 26. Rxb4
{[%clk 1:11:13]} Rxc2 {[%clk 0:25:34]} 27. Rb8 {[%clk 1:11:34]} Rd8
{[%clk 0:23:12]} 28. Bd3 {[%clk 1:08:16]} Rc6 {[%clk 0:21:08]} 29. b4
{[%clk 1:08:24]} d5 {[%clk 0:21:37]} 30. exd5 {[%clk 1:08:42]} Rxd5
{[%clk 0:21:42]} 31. Ra3 {[%clk 1:07:43]} f5 32. Rxc8 {[%clk 1:05:49]} Rxd3+
{[%clk 0:13:17]} 33. Kxd3 {[%clk 1:04:24]} Rxc8 {[%clk 0:13:45]} 34. Kd4
{[%clk 1:04:16]} Kd6 {[%clk 0:13:41]} 35. Rh3 {[%clk 1:04:17]} Rc2
{[%clk 0:09:12]} 36. Rxh4 {[%clk 1:03:57]} Rxg2 {[%clk 0:08:59]} 37. Rh8
{[%clk 1:04:26]} Rf2 {[%clk 0:07:46]} 38. Ke3 {[%clk 0:56:32]} Rb2
{[%clk 0:07:13]} 39. Rb8 {[%clk 0:56:38]} Kd5 {[%clk 0:03:54]} 40. h4
{[%clk 0:52:30]} Rb3+ {[%clk 0:03:46]} 41. Kd2 {[%clk 0:52:35]} Rh3
{[%clk 0:03:49]} 42. b5 {[%clk 0:51:11]} axb5 {[%clk 0:04:14]} 43. a6
{[%clk 0:51:39]} Ra3 {[%clk 0:04:35]} 44. Ra8 {[%clk 0:52:07]} Kc6
{[%clk 0:03:55]} 45. Ra7 {[%clk 0:42:46]} Kb6 {[%clk 0:03:33]} 46. Rxf7
{[%clk 0:43:14]} Rxa6 {[%clk 0:01:46]} 47. Kd3 {[%clk 0:39:00]} Kc5
{[%clk 0:01:32]} 48. Rc7+ {[%clk 0:39:29]} Kd6 {[%clk 0:01:38]} 49. Rb7
{[%clk 0:39:53]} Ra3+ {[%clk 0:01:15]} 50. Kd4 {[%clk 0:40:22]} Rf3
{[%clk 0:01:05]} 0-1